00699cam a2200205 a 450000100100000000500170001000800410002704000250006808200170009310000330011024500840014326000350022730000190026249000480028165000250032965000330035465000260038770000300041383000500044300000562020200929151726.0720502k19421950sp 000 f spa d aDO-SdBNPbspacBNPHU a863.3bA367G1 aAlemán, Mateo,d1547-1615.10aGuzmán de Alfarache /cMateo Alemán ; edición y notas Samuel Gili y Gaya. aMadrid :bEspasa-Calpe,c1942. a5 v. ;c19 cm.1 aClásicos castellanosv73, 83, 90, 93, 114 4aLiteratura picaresca 4aNovela españolay1500-1700 4aLiteratura española1 aGili y Gaya, Samuel,eed. 0aClásicos castellanos ;v73, 83, 90, 93, 114